Pliego de condiciones facultativas que regirán en el balastaje y colocación de la vía / Compañía de los ferrocarriles de Tarragona a Barcelona y Francia
Descripción Física:
37 p. ; 23 cm
MARC
| LEADER | 00000nam a2200000Ia 4500 | ||
|---|---|---|---|
| 001 | 18490 | ||
| 008 | 160829s1889 xx 000 0 cat d | ||
| 080 | |a RF-3-12 | ||
| 245 | |a Pliego de condiciones facultativas que regirán en el balastaje y colocación de la vía / Compañía de los ferrocarriles de Tarragona a Barcelona y Francia | ||
| 260 | |a Barcelona : |b Imprenta Barcelonesa, |c 1889 | ||
| 300 | |a 37 p. ; |c 23 cm | ||
| 590 | |a A la portada: Servicio de la construcción | ||
| 650 | |a Ferrocarrils |x Construcció |9 40018 | ||
| 650 | |a Ferrocarrils |x Vies |9 40040 | ||
| 856 | 4 | |u https://media.diba.cat/diba/fitxers/arxiu/fulletons/bib_18490_1889_baixa.pdf |y Accés lliure | |
| 856 | 4 | |u https://media.diba.cat/diba/fitxers/arxiu/fulletons/bib_18490_1889_baixa.pdf |y Accés lliure | |
| 901 | |a Arxiu | ||
| 942 | |n 1 |2 udc | ||
| 952 | |0 0 |1 0 |4 0 |6 RF312 |7 1 |9 49370 |a Arxiu |b Arxiu |d 2016-12-01 |l 0 |o RF-3-12 |p 18490 |r 2016-12-01 00:00:00 |w 2016-12-01 |y ARXIU | ||
| 999 | |c 53212 |d 53212 | ||
| 900 | |a bib_18490_1889_baixa.pdf | ||